[Event "Niedersachsen-ch 2020"]
[Site "Verden-Aller"]
[Date "2020.01.04"]
[Round "5.8"]
[White "Stotyn, Fabian"]
[Black "Sreyas Payyappat"]
[Result "1/2-1/2"]
[WhiteElo "2198"]
[BlackElo "2166"]
[Annotator "ChessBase"]
[PlyCount "115"]
[EventDate "2020.01.02"]
[EventType "swiss"]
[EventCountry "GER"]
[SourceTitle "playchess.com"]
[Source "ChessBase"]
[SourceQuality "1"]
[TimeControl "40/5400+30:1800+30"]

1. d4 {[%emt 0:00:00]} Nf6 {[%emt 0:00:04]} 2. Nf3 {[%emt 0:00:00]} d5 {[%emt 0:00:05]} 3. g3 {[%emt 0:00:00]} e6 {[%emt 0:00:07]} 4. Bg2 {[%emt 0:00:00]} Be7 {[%emt 0:00:06]} 5. O-O {[%emt 0:00:01]} O-O {[%emt 0:00:12]} 6. c4 {[%emt 0:00:03]} c6 {[%emt 0:00:04]} 7. b3 {[%emt 0:01:15]} b6 {[%emt 0:00:33]} 8. Qc2 {[%emt 0:01:56]} Nbd7 {[%emt 0:00:25]} 9. Nbd2 {[%emt 0:00:27]} Bb7 {[%emt 0:00:15]} 10. e4 {[%emt 0:02:16]} Rc8 {[%emt 0:00:09]} 11. Bb2 {[%emt 0:03:01]} c5 {[%emt 0:06:52]} 12. exd5 {[%emt 0:04:12]} exd5 {[%emt 0:00:14]} 13. dxc5 {[%emt 0:02:07]} Nxc5 {[%emt 0:00:36]} 14. Rad1 {[%emt 0:05:53]} b5 {[%emt 0:24:47]} 15. Qb1 {[%emt 0:01:36]} bxc4 {[%emt 0:01:03]} 16. Nxc4 {[%emt 0:01:22]} Ba6 {[%emt 0:08:34]} 17. Rfe1 {[%emt 0:06:02]} Bxc4 {[%emt 0:02:34]} 18. bxc4 {[%emt 0:00:55]} Na4 {[%emt 0:00:37]} 19. Bxf6 {[%emt 0:04:05]} Bxf6 {[%emt 0:00:09]} 20. Rxd5 {[%emt 0:00:48]} Qc7 {[%emt 0:00:36]} 21. Ng5 {[%emt 0:08:03]} g6 {[%emt 0:03:11]} 22. Ne4 {[%emt 0:00:11]} Bg7 {[%emt 0:07:48]} 23. c5 {[%emt 0:04:38]} Qa5 {[%emt 0:12:24]} 24. Rc1 {[%emt 0:05:42]} Rc6 {[%emt 0:22:27]} 25. Rd6 {[%emt 0:06:26]} Rxd6 {[%emt 0:01:39]} 26. cxd6 {[%emt 0:00:36]} Nc3 {[%emt 0:00:17]} 27. Nxc3 {[%emt 0:00:50]} Bxc3 {[%emt 0:00:03]} 28. Qb3 {[%emt 0:01:06]} Bd4 {[%emt 0:00:42]} 29. d7 {[%emt 0:02:35]} Bxf2+ {[%emt 0:00:28]} 30. Kh1 {[%emt 0:00:53]} Bb6 {[%emt 0:00:41]} 31. Bd5 {[%emt 0:01:53]} Qa6 {[%emt 0:00:47]} 32. Qf3 {[%emt 0:03:05]} Bd8 {[%emt 0:04:35]} 33. Rc6 {[%emt 0:06:42]} Qa5 {[%emt 0:01:29]} 34. Rc1 {[%emt 0:05:20]} Qa6 {[%emt 0:00:07]} 35. Re1 {[%emt 0:03:00]} Qd6 {[%emt 0:01:40]} 36. Bc6 {[%emt 0:01:19]} Be7 {[%emt 0:00:43]} 37. Qe4 {[%emt 0:03:30]} Rd8 {[%emt 0:00:11]} 38. Ba4 {[%emt 0:02:38]} Bf6 {[%emt 0:00:57]} 39. Qc6 {[%emt 0:03:27]} Qxc6+ {[%emt 0:00:43]} 40. Bxc6 {[%emt 0:00:05]} h5 {[%emt 0:00:31]} 41. Re8+ {[%emt 0:31:18]} Kg7 {[%emt 0:30:25]} 42. Kg2 {[%emt 0:00:08]} h4 {[%emt 0:00:00]} 43. g4 {[%emt 0:00:00]} Bg5 {[%emt 0:00:00]} 44. Kf3 {[%emt 0:00:00]} f5 {[%emt 0:00:00]} 45. h3 {[%emt 0:00:00]} Kf7 {[%emt 0:00:00]} 46. Bd5+ {[%emt 0:00:00]} Kg7 {[%emt 0:00:00]} 47. Bc6 {[%emt 0:00:00]} Kf7 {[%emt 0:00:00]} 48. gxf5 {[%emt 0:00:00]} gxf5 {[%emt 0:00:00]} 49. Ke2 {[%emt 0:00:00]} Be7 {[%emt 0:00:00]} 50. Ke3 {[%emt 0:00:00]} Kf6 {[%emt 0:00:00]} 51. Kd4 {[%emt 0:00:00]} Ke6 {[%emt 0:00:00]} 52. Ba4 {[%emt 0:00:00]} Kd6 {[%emt 0:00:00]} 53. Kc4 {[%emt 0:00:00]} Ke6 {[%emt 0:00:00]} 54. Kd4 {[%emt 0:00:00]} Kd6 {[%emt 0:00:00]} 55. Ke3 {[%emt 0:00:00]} Ke6 {[%emt 0:00:00]} 56. Kf4 {[%emt 0:00:00]} Kf6 {[%emt 0:00:00]} 57. Bb5 {[%emt 0:00:00]} Ke6 {[%emt 0:00:00]} 58. Rxd8 {[%emt 0:03:18] Ke5+ Ke4+} 1/2-1/2

[Event "Niedersachsen-ch 2020"]
[Site "Verden-Aller"]
[Date "2020.01.04"]
[Round "5.9"]
[White "Webner, Dennis"]
[Black "Balazs, Balint"]
[Result "0-1"]
[WhiteElo "2113"]
[BlackElo "2158"]
[Annotator "ChessBase"]
[PlyCount "119"]
[EventDate "2020.01.02"]
[EventType "swiss"]
[EventCountry "GER"]
[SourceTitle "playchess.com"]
[Source "ChessBase"]
[SourceQuality "1"]
[TimeControl "40/5400+30:1800+30"]

1. d4 {[%emt 0:00:00]} Nf6 {[%emt 0:00:00]} 2. Bf4 {[%emt 0:00:00]} d5 {[%emt 0:01:49]} 3. e3 {[%emt 0:00:00]} c5 {[%emt 0:00:58]} 4. Nc3 {[%emt 0:00:02]} e6 {[%emt 0:05:31]} 5. Nb5 {[%emt 0:00:44]} Na6 {[%emt 0:00:08]} 6. c3 {[%emt 0:00:17]} Be7 {[%emt 0:01:29]} 7. h3 {[%emt 0:03:55]} O-O {[%emt 0:03:17]} 8. Nf3 {[%emt 0:00:09]} Bd7 {[%emt 0:03:08]} 9. a4 {[%emt 0:00:14]} Bc6 {[%emt 0:01:34]} 10. Be2 {[%emt 0:03:05]} Ne4 {[%emt 0:02:19]} 11. O-O {[%emt 0:00:42]} c4 {[%emt 0:03:47]} 12. Nd2 {[%emt 0:08:24]} Nxd2 {[%emt 0:19:07]} 13. Qxd2 {[%emt 0:00:06]} Bxb5 {[%emt 0:01:08]} 14. axb5 {[%emt 0:00:06]} Nc7 {[%emt 0:00:04]} 15. b3 {[%emt 0:20:47]} cxb3 {[%emt 0:03:22]} 16. Rfb1 {[%emt 0:01:28]} Bd6 {[%emt 0:02:14]} 17. Bxd6 {[%emt 0:04:32]} Qxd6 {[%emt 0:00:05]} 18. Rxb3 {[%emt 0:00:08]} a5 {[%emt 0:09:48]} 19. b6 {[%emt 0:10:53]} Ne8 {[%emt 0:00:17]} 20. Qb2 {[%emt 0:00:49]} Nf6 {[%emt 0:07:41]} 21. Rba3 {[%emt 0:05:08]} Ne4 {[%emt 0:02:23]} 22. Bd3 {[%emt 0:04:10]} Rac8 {[%emt 0:04:14]} 23. Bxe4 {[%emt 0:03:31]} dxe4 {[%emt 0:00:04]} 24. Rxa5 {[%emt 0:00:10]} Rc6 {[%emt 0:00:08]} 25. Rb5 {[%emt 0:02:08]} Rfc8 {[%emt 0:00:54]} 26. Qb4 {[%emt 0:04:49]} Kf8 {[%emt 0:08:55]} 27. Qxd6+ {[%emt 0:08:04]} Rxd6 {[%emt 0:00:07]} 28. Ra7 {[%emt 0:00:22]} Rb8 {[%emt 0:00:06]} 29. c4 {[%emt 0:00:30]} Ke7 {[%emt 0:01:18]} 30. Kf1 {[%emt 0:01:46]} Rc6 {[%emt 0:01:16]} 31. c5 {[%emt 0:02:30]} Kd7 {[%emt 0:00:14]} 32. Ke2 {[%emt 0:00:18]} Rcc8 {[%emt 0:00:11]} 33. Kd2 {[%emt 0:00:22]} Kc6 {[%emt 0:00:04]} 34. Rba5 {[%emt 0:00:25]} Rd8 {[%emt 0:03:02]} 35. Kc3 {[%emt 0:00:27]} f5 {[%emt 0:01:07]} 36. Kc4 {[%emt 0:00:51]} g5 {[%emt 0:00:12]} 37. Ra1 {[%emt 0:00:36]} Rf8 {[%emt 0:01:40]} 38. Rd1 {[%emt 0:00:58]} Rbd8 {[%emt 0:00:55]} 39. Ra2 {[%emt 0:00:38]} h5 {[%emt 0:02:08]} 40. Rad2 {[%emt 0:05:57]} Rd5 {[%emt 0:00:55]} 41. f3 {[%emt 0:32:25]} Rf7 {[%emt 0:24:18]} 42. Rf1 {[%emt 0:00:00]} Rfd7 {[%emt 0:02:30]} 43. Ra2 {[%emt 0:00:00]} exf3 {[%emt 0:01:56]} 44. Ra8 {[%emt 0:00:00]} Rd8 {[%emt 0:00:11]} 45. Rxd8 {[%emt 0:00:00]} Rxd8 {[%emt 0:00:08]} 46. gxf3 {[%emt 0:00:00]} Ra8 {[%emt 0:04:19]} 47. Kb3 {[%emt 0:00:00]} Kd5 {[%emt 0:01:00]} 48. Rg1 {[%emt 0:00:00]} Rg8 {[%emt 0:00:04]} 49. Kc3 {[%emt 0:00:00]} g4 {[%emt 0:05:44]} 50. hxg4 {[%emt 0:00:00]} fxg4 {[%emt 0:00:28]} 51. fxg4 {[%emt 0:00:00]} Ke4 {[%emt 0:00:17]} 52. g5 {[%emt 0:00:00]} Kxe3 {[%emt 0:00:03]} 53. Re1+ {[%emt 0:00:21]} Kf4 {[%emt 0:00:36]} 54. Rxe6 {[%emt 0:00:05]} h4 {[%emt 0:02:37]} 55. Re7 {[%emt 0:04:08]} Rb8 {[%emt 0:00:19]} 56. g6 {[%emt 0:00:48]} h3 {[%emt 0:00:09]} 57. Rh7 {[%emt 0:00:21]} Kg3 {[%emt 0:00:31]} 58. d5 {[%emt 0:01:28]} h2 {[%emt 0:00:17]} 59. g7 {[%emt 0:01:15]} Kg2 {[%emt 0:02:45]} 60. Kd4 {[%emt 0:03:21]} 0-1

[Event "Niedersachsen-ch 2020"]
[Site "Verden-Aller"]
[Date "2020.01.04"]
[Round "5.10"]
[White "Issing, Peter"]
[Black "Hoellmann, Ludger"]
[Result "0-1"]
[WhiteElo "2151"]
[BlackElo "2059"]
[Annotator "ChessBase"]
[PlyCount "52"]
[EventDate "2020.01.02"]
[EventType "swiss"]
[EventCountry "GER"]
[SourceTitle "playchess.com"]
[Source "ChessBase"]
[SourceQuality "1"]
[TimeControl "40/5400+30:1800+30"]

1. d4 {[%emt 0:00:00]} d5 {[%emt 0:01:47]} 2. c4 {[%emt 0:00:04]} e6 {[%emt 0:00:07]} 3. Nf3 {[%emt 0:00:31]} Nf6 {[%emt 0:00:10]} 4. Nc3 {[%emt 0:00:35]} Be7 {[%emt 0:00:19]} 5. Bf4 {[%emt 0:00:52]} O-O {[%emt 0:00:53]} 6. e3 {[%emt 0:01:03]} b6 {[%emt 0:00:18]} 7. cxd5 {[%emt 0:08:57]} Nxd5 {[%emt 0:00:13]} 8. Nxd5 {[%emt 0:01:27]} Qxd5 {[%emt 0:00:37]} 9. Bd3 {[%emt 0:01:37]} Qa5+ {[%emt 0:15:21]} 10. Nd2 {[%emt 0:08:53]} Ba6 {[%emt 0:00:15]} 11. Be4 {[%emt 0:20:04]} Nd7 {[%emt 0:03:10]} 12. Bxa8 {[%emt 0:06:26]} Rxa8 {[%emt 0:00:02]} 13. a3 {[%emt 0:14:48]} c5 {[%emt 0:06:29]} 14. b4 {[%emt 0:08:24]} cxb4 {[%emt 0:00:40]} 15. axb4 {[%emt 0:00:02]} Qb5 {[%emt 0:00:06]} 16. f3 {[%emt 0:01:42]} e5 {[%emt 0:13:40]} 17. Bxe5 {[%emt 0:03:06]} Nxe5 {[%emt 0:00:18]} 18. dxe5 {[%emt 0:00:05]} Bxb4 {[%emt 0:01:31]} 19. Kf2 {[%emt 0:04:52]} Rd8 {[%emt 0:01:34]} 20. Ra2 {[%emt 0:00:27]} Qxe5 {[%emt 0:10:35]} 21. Nc4 {[%emt 0:01:13]} Qc7 {[%emt 0:00:25]} 22. Rxa6 {[%emt 0:04:37]} Rxd1 {[%emt 0:02:14]} 23. Rxd1 {[%emt 0:00:01]} g6 {[%emt 0:03:26]} 24. Rd4 {[%emt 0:00:48]} b5 {[%emt 0:10:46]} 25. Nd6 {[%emt 0:02:03]} Qc1 {[%emt 0:01:51]} 26. Kg3 {[%emt 0:03:47]} Qxe3 {[%emt 0:02:53]} 0-1

[Event "Niedersachsen-ch 2020"]
[Site "Verden-Aller"]
[Date "2020.01.04"]
[Round "5.11"]
[White "Santos, Jose"]
[Black "Eickhoff, Hermann"]
[Result "1-0"]
[WhiteElo "1771"]
[BlackElo "1785"]
[Annotator "NA"]
[PlyCount "82"]
[EventDate "2020.01.02"]
[EventType "swiss"]
[EventCountry "GER"]
[SourceTitle "playchess.com"]
[Source "ChessBase"]
[SourceQuality "1"]
[TimeControl "40/5400+30:1800+30"]

1. d4 {[%emt 0:00:00]} Nf6 {[%emt 0:00:00]} 2. Nf3 {[%emt 0:00:00]} d6 {[%emt 0:00:00]} 3. e3 {[%emt 0:01:10]} c6 {[%emt 0:00:19]} 4. Bd3 {[%emt 0:05:37]} e5 {[%emt 0:02:03]} 5. e4 {[%emt 0:06:38]} exd4 {[%emt 0:04:04]} 6. Nxd4 {[%emt 0:01:05]} Nbd7 {[%emt 0:06:43]} 7. O-O {[%emt 0:01:24]} Ne5 {[%emt 0:00:26]} 8. Bf4 {[%emt 0:08:21]} Bg4 {[%emt 0:02:04]} 9. Qd2 {[%emt 0:01:32]} Nxd3 {[%emt 0:02:00]} 10. Qxd3 {[%emt 0:03:36]} Nh5 {[%emt 0:01:09]} 11. Be3 {[%emt 0:02:04]} Be7 {[%emt 0:01:38]} 12. c4 {[%emt 0:06:02]} O-O {[%emt 0:02:02]} 13. Nc3 {[%emt 0:00:05]} a6 {[%emt 0:01:47]} 14. a4 {[%emt 0:02:08]} c5 $16 {[%emt 0:03:13]} 15. Nde2 {[%emt 0:02:15]} Nf6 {[%emt 0:05:54]} 16. f3 {[%emt 0:01:40]} Be6 {[%emt 0:01:24]} 17. Nf4 {[%emt 0:01:20]} Nd7 {[%emt 0:08:01]} 18. Ncd5 {[%emt 0:06:29]} Ne5 {[%emt 0:02:09]} 19. Qc2 {[%emt 0:01:19]} Nc6 {[%emt 0:03:03]} 20. Rfd1 {[%emt 0:01:08]} Bxd5 {[%emt 0:02:48]} 21. Nxd5 {[%emt 0:00:11]} Nb4 {[%emt 0:01:18]} 22. Nxb4 {[%emt 0:01:18]} cxb4 {[%emt 0:00:02]} 23. Rd5 {[%emt 0:01:40]} Qc7 {[%emt 0:02:20]} 24. Rad1 {[%emt 0:01:30]} Rfc8 {[%emt 0:05:44]} 25. b3 {[%emt 0:01:49]} a5 {[%emt 0:06:27]} 26. Bf4 {[%emt 0:02:36]} Ra6 {[%emt 0:00:42]} 27. R1d3 {[%emt 0:01:08]} Rc6 {[%emt 0:07:25]} 28. Qd1 {[%emt 0:01:27]} Rd8 {[%emt 0:08:52]} 29. e5 {[%emt 0:02:21]} Qb6+ {[%emt 0:01:50]} 30. Kh1 {[%emt 0:01:15]} g5 {[%emt 0:00:57]} 31. Bg3 {[%emt 0:01:07]} h5 {[%emt 0:01:26]} 32. exd6 {[%emt 0:03:25]} Bf6 {[%emt 0:01:18]} 33. h3 {[%emt 0:01:39]} h4 {[%emt 0:00:25]} 34. Bh2 {[%emt 0:01:20]} Kg7 {[%emt 0:01:41]} 35. Bg1 {[%emt 0:03:21]} Qa6 {[%emt 0:01:16]} 36. f4 {[%emt 0:01:48]} gxf4 {[%emt 0:05:08]} 37. Qg4+ {[%emt 0:00:37]} Kf8 {[%emt 0:00:31]} 38. Qxf4 {[%emt 0:01:26]} Bg7 {[%emt 0:01:47]} 39. Qxh4 {[%emt 0:06:44]} Rd7 {[%emt 0:02:27]} 40. Qg4 {[%emt 0:04:12]} Rd8 {[%emt 0:00:47]} 41. Rg3 {[%emt 0:32:11]} Ke8 {[%emt 0:32:02]} 1-0

[Event "Niedersachsen-ch 2020"]
[Site "Verden-Aller"]
[Date "2020.01.04"]
[Round "5.12"]
[White "Kobs, Stephan"]
[Black "Korb, Ruben"]
[Result "0-1"]
[WhiteElo "1962"]
[BlackElo "1709"]
[Annotator "NA"]
[PlyCount "104"]
[EventDate "2020.01.02"]
[EventType "swiss"]
[EventCountry "GER"]
[SourceTitle "playchess.com"]
[Source "ChessBase"]
[SourceQuality "1"]
[TimeControl "40/5400+30:1800+30"]

1. e4 {[%emt 0:00:00]} e5 {[%emt 0:00:00]} 2. Nf3 {[%emt 0:00:00]} Nc6 {[%emt 0:00:00]} 3. Bb5 {[%emt 0:00:27]} a6 {[%emt 0:00:00]} 4. Ba4 {[%emt 0:00:29]} Nf6 {[%emt 0:00:00]} 5. d4 {[%emt 0:00:52]} exd4 {[%emt 0:01:35]} 6. O-O {[%emt 0:00:28]} Be7 {[%emt 0:00:28]} 7. Re1 {[%emt 0:00:43]} b5 {[%emt 0:00:39]} 8. e5 {[%emt 0:01:25]} Nxe5 {[%emt 0:00:28]} 9. Rxe5 {[%emt 0:00:23]} d6 {[%emt 0:00:15]} 10. Re1 {[%emt 0:00:58]} bxa4 {[%emt 0:00:06]} 11. Nxd4 {[%emt 0:00:40]} Bd7 {[%emt 0:00:06]} 12. Qf3 {[%emt 0:01:18]} O-O {[%emt 0:00:08]} 13. Nc6 {[%emt 0:00:55]} Bxc6 {[%emt 0:00:16]} 14. Qxc6 {[%emt 0:00:08]} d5 {[%emt 0:00:08]} 15. Nc3 {[%emt 0:11:43]} a3 {[%emt 0:02:02]} 16. b3 {[%emt 0:01:19]} Qd6 {[%emt 0:08:35]} 17. Qxd6 {[%emt 0:06:42]} Bxd6 {[%emt 0:01:42]} 18. Bd2 {[%emt 0:01:45]} Rfe8 {[%emt 0:01:47]} 19. Rad1 {[%emt 0:01:13]} Bc5 {[%emt 0:03:00]} 20. Rxe8+ {[%emt 0:12:07]} Rxe8 {[%emt 0:00:18]} 21. Re1 {[%emt 0:01:05]} Kf8 {[%emt 0:04:48]} 22. Na4 {[%emt 0:07:57]} Bd6 {[%emt 0:03:43]} 23. Rxe8+ {[%emt 0:06:03]} Kxe8 {[%emt 0:00:15]} 24. Kf1 {[%emt 0:01:12]} Ne4 {[%emt 0:04:43]} 25. Be3 {[%emt 0:02:31]} f5 {[%emt 0:07:18]} 26. f3 {[%emt 0:00:52]} Nf6 {[%emt 0:00:14]} 27. g3 {[%emt 0:01:27]} Nd7 {[%emt 0:07:27]} 28. Ke2 {[%emt 0:01:10]} Kf7 {[%emt 0:03:38]} 29. c3 {[%emt 0:06:54]} Ke6 {[%emt 0:06:17]} 30. f4 {[%emt 0:15:37]} a5 {[%emt 0:13:57]} 31. Kd3 {[%emt 0:02:09]} Be7 {[%emt 0:02:44]} 32. c4 {[%emt 0:05:28]} c6 {[%emt 0:05:17]} 33. Bd2 {[%emt 0:06:54]} Bb4 {[%emt 0:04:32]} 34. Bxb4 {[%emt 0:02:51]} axb4 {[%emt 0:00:03]} 35. c5 {[%emt 0:00:18]} Nf6 {[%emt 0:01:24]} 36. Kd4 {[%emt 0:00:39]} h5 {[%emt 0:02:55]} 37. Nb6 {[%emt 0:00:19]} Ne4 {[%emt 0:02:08]} 38. Na8 {[%emt 0:00:25]} Nc3 {[%emt 0:01:08]} 39. Nc7+ {[%emt 0:00:47]} Kd7 {[%emt 0:00:32]} 40. Na6 {[%emt 0:00:24]} Nxa2 {[%emt 0:00:47]} 41. Ke5 {[%emt 0:30:55]} Nc3 {[%emt 0:35:36]} 42. Nxb4 {[%emt 0:00:08]} a2 {[%emt 0:00:09]} 43. Nxa2 {[%emt 0:00:25]} Nxa2 {[%emt 0:00:11]} 44. Kxf5 {[%emt 0:00:32]} Nb4 {[%emt 0:00:36]} 45. Ke5 {[%emt 0:00:00]} Nc2 {[%emt 0:00:00]} 46. f5 {[%emt 0:00:00]} Ke7 {[%emt 0:00:00]} 47. h3 {[%emt 0:00:00]} Ne3 {[%emt 0:00:00]} 48. Kf4 {[%emt 0:00:00]} Nc2 {[%emt 0:00:00]} 49. g4 {[%emt 0:00:00]} hxg4 {[%emt 0:00:00]} 50. hxg4 {[%emt 0:00:00]} Nb4 {[%emt 0:00:00]} 51. Ke5 {[%emt 0:00:00]} Na6 {[%emt 0:00:00]} 52. Kd4 {[%emt 0:00:00]} Kf6 {[%emt 0:00:00]} 0-1

[Event "Niedersachsen-ch 2020"]
[Site "Verden-Aller"]
[Date "2020.01.04"]
[Round "6.1"]
[White "Riemay, David"]
[Black "Abel, Dennes"]
[Result "0-1"]
[WhiteElo "2139"]
[BlackElo "2463"]
[Annotator "ChessBase"]
[PlyCount "74"]
[EventDate "2020.01.02"]
[EventType "swiss"]
[EventCountry "GER"]
[SourceTitle "playchess.com"]
[Source "ChessBase"]
[SourceQuality "1"]
[TimeControl "40/5400+30:1800+30"]

1. d4 {[%emt 0:00:00]} d5 {[%emt 0:00:00]} 2. Nf3 {[%emt 0:00:00]} Nf6 {[%emt 0:00:00]} 3. e3 {[%emt 0:00:00]} Bg4 {[%emt 0:00:27]} 4. Be2 {[%emt 0:01:12]} e6 {[%emt 0:01:15]} 5. Nbd2 {[%emt 0:00:44]} c5 {[%emt 0:01:22]} 6. h3 {[%emt 0:00:32]} Bh5 {[%emt 0:07:07]} 7. b3 {[%emt 0:05:12]} cxd4 {[%emt 0:01:23]} 8. Nxd4 {[%emt 0:01:52]} Bxe2 {[%emt 0:01:10]} 9. Qxe2 {[%emt 0:00:06]} Nc6 {[%emt 0:00:46]} 10. Bb2 {[%emt 0:01:23]} Rc8 {[%emt 0:03:22]} 11. O-O {[%emt 0:10:09]} Bc5 {[%emt 0:12:14]} 12. Nxc6 {[%emt 0:00:40]} bxc6 {[%emt 0:01:09]} 13. c4 {[%emt 0:04:16]} O-O {[%emt 0:00:50]} 14. Rfd1 {[%emt 0:02:45]} Qe7 {[%emt 0:04:22]} 15. e4 {[%emt 0:13:50]} Ba3 {[%emt 0:11:29]} 16. Rab1 {[%emt 0:12:06]} Bxb2 {[%emt 0:00:43]} 17. Rxb2 {[%emt 0:00:04]} Rcd8 {[%emt 0:03:46]} 18. e5 {[%emt 0:05:26]} Nd7 {[%emt 0:01:53]} 19. Nf3 {[%emt 0:00:42]} Nb6 {[%emt 0:11:41]} 20. cxd5 {[%emt 0:03:11]} Rxd5 {[%emt 0:03:24]} 21. Rxd5 {[%emt 0:00:50]} exd5 {[%emt 0:02:04]} 22. Rc2 {[%emt 0:15:19]} c5 {[%emt 0:01:09]} 23. a4 {[%emt 0:04:59]} c4 {[%emt 0:00:50]} 24. bxc4 {[%emt 0:01:04]} Nxc4 {[%emt 0:00:05]} 25. Nd4 {[%emt 0:02:18]} Re8 {[%emt 0:01:53]} 26. f4 {[%emt 0:04:17]} g6 {[%emt 0:00:19]} 27. Kh2 {[%emt 0:01:07]} Qb4 {[%emt 0:00:49]} 28. Qf3 {[%emt 0:04:34]} Nb6 {[%emt 0:05:44]} 29. Qf2 {[%emt 0:01:19]} Nc4 {[%emt 0:07:42]} 30. Qf3 {[%emt 0:00:38]} Rf8 {[%emt 0:02:52]} 31. Nc6 {[%emt 0:03:28]} Qxa4 {[%emt 0:01:23]} 32. Ne7+ {[%emt 0:00:02]} Kh8 {[%emt 0:01:14]} 33. Qc3 {[%emt 0:00:13]} Ne3 {[%emt 0:04:52]} 34. Rf2 {[%emt 0:02:05]} d4 {[%emt 0:05:39]} 35. Qc6 {[%emt 0:00:02]} Qxc6 {[%emt 0:00:31]} 36. Nxc6 {[%emt 0:00:04]} d3 {[%emt 0:00:04]} 37. Kg3 {[%emt 0:00:59]} d2 {[%emt 0:00:14]} 0-1

[Event "Niedersachsen-ch 2020"]
[Site "Verden-Aller"]
[Date "2020.01.04"]
[Round "6.2"]
[White "Renner, Kai"]
[Black "Voege, Tobias"]
[Result "0-1"]
[WhiteElo "2180"]
[BlackElo "2310"]
[Annotator "NA"]
[PlyCount "76"]
[EventDate "2020.01.02"]
[EventType "swiss"]
[EventCountry "GER"]
[SourceTitle "playchess.com"]
[Source "ChessBase"]
[SourceQuality "1"]
[TimeControl "40/5400+30:1800+30"]

1. e4 {[%emt 0:00:00]} c5 {[%emt 0:00:00]} 2. Nf3 {[%emt 0:00:00]} Nc6 {[%emt 0:00:00]} 3. d4 {[%emt 0:00:00]} cxd4 {[%emt 0:00:00]} 4. Nxd4 {[%emt 0:00:01]} g6 {[%emt 0:00:00]} 5. c4 {[%emt 0:00:37]} Bg7 {[%emt 0:00:00]} 6. Be3 {[%emt 0:00:20]} Nf6 {[%emt 0:00:02]} 7. Nc3 {[%emt 0:00:21]} Ng4 {[%emt 0:00:45]} 8. Qxg4 {[%emt 0:00:25]} Nxd4 {[%emt 0:00:04]} 9. Qd1 {[%emt 0:00:17]} e5 {[%emt 0:00:05]} 10. Bd3 {[%emt 0:01:52]} O-O {[%emt 0:00:24]} 11. O-O {[%emt 0:01:47]} d6 {[%emt 0:00:28]} 12. Qd2 {[%emt 0:01:16]} a6 {[%emt 0:07:57]} 13. Rac1 {[%emt 0:05:38]} Be6 {[%emt 0:08:58]} 14. b3 $14 {[%emt 0:02:18]} f5 {[%emt 0:24:36]} 15. exf5 {[%emt 0:01:54]} gxf5 {[%emt 0:05:16]} 16. f3 {[%emt 0:03:29]} Kh8 {[%emt 0:11:42]} 17. Rfd1 {[%emt 0:03:15]} Qh4 {[%emt 0:08:27]} 18. Bf1 {[%emt 0:06:38]} Rg8 {[%emt 0:12:28]} 19. Ne2 {[%emt 0:16:26]} Nxe2+ {[%emt 0:05:31]} 20. Bxe2 {[%emt 0:02:11]} Bf8 {[%emt 0:02:10]} 21. f4 {[%emt 0:12:12]} Be7 {[%emt 0:04:34]} 22. c5 {[%emt 0:09:39]} Rad8 {[%emt 0:02:04]} 23. cxd6 {[%emt 0:08:14]} Bxd6 {[%emt 0:01:00]} 24. Qb2 {[%emt 0:00:42]} Qh3 {[%emt 0:01:51]} 25. g3 {[%emt 0:03:11]} Rxg3+ {[%emt 0:00:44]} 26. hxg3 {[%emt 0:00:05]} Qxg3+ {[%emt 0:00:07]} 27. Kf1 {[%emt 0:00:21]} Qxe3 {[%emt 0:00:18]} 28. fxe5 {[%emt 0:08:35]} Qf4+ {[%emt 0:00:23]} 29. Bf3 {[%emt 0:03:39]} Qxf3+ {[%emt 0:00:10]} 30. Qf2 {[%emt 0:00:05]} Qh3+ {[%emt 0:01:29]} 31. Ke2 {[%emt 0:00:21]} Be7 {[%emt 0:01:34]} 32. Rxd8+ {[%emt 0:00:38]} Bxd8 {[%emt 0:00:04]} 33. Qc5 {[%emt 0:00:20]} Qg2+ {[%emt 0:01:10]} 34. Kd1 {[%emt 0:00:56]} Bg5 {[%emt 0:00:48]} 35. Qf8+ {[%emt 0:06:24]} Bg8 {[%emt 0:00:05]} 36. Ke1 {[%emt 0:02:02]} Qd2+ {[%emt 0:00:08]} 37. Kf1 {[%emt 0:00:05]} Qxc1+ {[%emt 0:00:05]} 38. Kg2 {[%emt 0:00:21]} Qb2+ {[%emt 0:00:30]} 0-1